| 000 | 00463nam a2200181Ia 4500 | ||
|---|---|---|---|
| 001 | 20350 | ||
| 005 | 20260306172759.0 | ||
| 008 | 260306t2020||||xx |||||||||||||| ||spa|| | ||
| 041 | _aESP | ||
| 082 |
_a343.2 _bG96 V. 2 |
||
| 100 |
_aGutiérrez-Ticse, Gustavo _eAUT |
||
| 245 | 0 | _aComentarios a la Constitución política del Perú | |
| 260 | _c2020 | ||
| 300 |
_apáginas 611-1280 : _c25 cm. |
||
| 650 | _aGEN | ||
| 654 | _aCDE | ||
| 942 |
_cLIB _dJUS _fJUS _2ddc _n |
||
| 999 |
_c20350 _d20350 |
||